Nommez les 18 verbes commençant par un Q - 18 verbes - Statistiques

Statistiques générales
  • Ce quiz a été pris 90 fois
  • Le résultat moyen est 5 sur 18
Statistiques - réponses
Réponse % Correct
quantifier
69%
quitter
64%
qualifier
61%
questionner
52%
quémander
48%
querir
45%
quêter
44%
quadriller
32%
quereller
20%
quarter
17%
quadrupler
11%
queuter
9%
quarrer
5%
quintupler
4%
quittancer
4%
quintessencier
1%
quartager
1%
quarderonner
0%
Aucun quiz correspondant
Distribution des résultats
% des personnes avec chaque résultat
Percentile par nombre de réponses
Votre historique - résultats
Vous n’avez pas pris ce quiz